000 00560nam a22002057a 4500
003 OSt
005 20210426082515.0
008 210211s1958 ||||| |||| 00| 0 eng d
040 _aeng
_beng
_cDLC
041 _aeng
080 _a61
_bA-43
100 _9835
_aAlston, M., J.
245 _aLeptospirosis in Man and Animals
_c/ by: E. and S. Livingston LTD
260 _aEdinburgh
_bE. and S. Livingston LTD
_c1958
300 _a367 p.
_bill.
650 0 _969
_aMedicine
653 _aმედიცინა
700 _9836
_aBroom, C., J.
942 _2udc
_cBK
999 _c1349
_d1349